| 000 | 00473nam a2200157 i 4500 | ||
|---|---|---|---|
| 001 | 78433 | ||
| 003 | ES-MaACL | ||
| 005 | 20230906173711.0 | ||
| 007 | t| | ||
| 008 | 041014s1907 fr ||||1| fre d | ||
| 100 | 1 |
_aHauriou, Maurice. _962103 |
|
| 245 | 1 | 0 |
_aPrécis de Droit administratif et de Droit public / _cpar Maurice Hauriou. |
| 260 |
_a[S.l. : _bs.n., _c1907] ( _eBar-le-Duc : _fContant Laguerre) |
||
| 300 |
_aXVIII, 915 p. ; _c23 cm. |
||
| 852 |
_aES-MaACL _jF-6800 |
||
| 999 |
_c78433 _d78433 |
||